000 00351nam a2200133Ia 4500
008 240624s9999 xx 000 0 und d
041 _aeng
082 _a004.6 SAR
100 _aSARMA C R
245 _aCOMPUTER NETWORKS A PRAGMATIC APPROACH
260 _c2006
_aMumbai
_bJaico Publishing House
300 _avi, : 315 : p. : cm. ; 24
365 _cRS
_b30
999 _c5482
_d5482